[Event "Xtracon Chess Open 2018"]
[Site "Elsinore"]
[Date "2018.07.25"]
[Round "6"]
[White "Haugaard, Thomas"]
[Black "Justinussen, Sigurd B."]
[Result "0-1"]
[WhiteElo "1697"]
[BlackElo "1921"]
[EventDate "2018.07.21"]
[WhiteFideId "1414330"]
[BlackFideId "7200773"]

1.d4 d5 2.c4 e6 3.Nc3 Nf6 4.cxd5 exd5 5.Bg5 Be7 6.Nf3 c6 7.e3 Be6 8.Qc2 
Nbd7 9.Bd3 h6 10.Bh4 Nh5 11.Bg3 Qa5 12.O-O-O Nxg3 13.hxg3 O-O-O 14.Nd2 Kb8
15.Kb1 Rc8 16.Nb3 Qc7 17.Rc1 Rhe8 18.Bf5 Qd6 19.Bxe6 Qxe6 20.Qe2 Nb6 21.
Nd2 Bb4 22.Qd3 Qf6 23.Rhf1 Red8 24.Qe2 Qe7 25.Qd1 c5 26.a3 Bxc3 27.Rxc3 
cxd4 28.exd4 Rxc3 29.bxc3 Qxa3 30.Qb3 Qe7 0-1

[Event "Xtracon Chess Open 2018"]
[Site "Elsinore"]
[Date "2018.07.25"]
[Round "6"]
[White "Andersen, Daniel"]
[Black "Jorgensen, Alexander Torp"]
[Result "1-0"]
[WhiteElo "1917"]
[BlackElo "1803"]
[EventDate "2018.07.21"]
[WhiteFideId "1402714"]
[BlackFideId "1434187"]

1.d4 Nf6 2.c4 b6 3.f3 Bb7 4.e4 e6 5.Be3 d5 6.cxd5 exd5 7.e5 Nfd7 8.f4 Bb4+
9.Nc3 Qe7 10.Nf3 f6 11.a3 Bxc3+ 12.bxc3 fxe5 13.fxe5 O-O 14.Bd3 c5 15.O-O 
Ba6 16.Bxa6 Nxa6 17.dxc5 Naxc5 18.Qxd5+ Kh8 19.Rad1 Rfe8 20.Bd4 Rad8 21.
Rfe1 Na4 22.Qb3 Ndc5 23.Qb4 Qe6 24.Qb1 Qc4 25.Ng5 g6 26.Ne4 Nxe4 27.Qxe4 
Nxc3 28.e6+ Kg8 29.Qe5 Rxd4 30.Rxd4 Qb5 31.Qe3 Qc5 32.Rd3 Qxe3+ 33.Rexe3 
Nb5 34.a4 Nc7 35.Rd7 Rxe6 36.Rxe6 Nxe6 37.Rxa7 h5 38.Kf2 Kf8 39.Ke3 Ke8 
40.Ke4 Kd8 41.Kd5 Nf4+ 42.Kc6 Nxg2 43.Kxb6 Nf4 44.a5 Nd5+ 45.Kc6 Ne7+ 46.
Rxe7 Kxe7 47.a6 Kf6 48.a7 Kf5 49.a8=Q g5 50.Qa4 g4 51.Qc2+ Kf4 52.Qe2 1-0

[Event "Xtracon Chess Open 2018"]
[Site "Elsinore"]
[Date "2018.07.25"]
[Round "6"]
[White "Stuhr, Finn"]
[Black "Christensen, Jacob Foged"]
[Result "0-1"]
[WhiteElo "1695"]
[BlackElo "1916"]
[EventDate "2018.07.21"]
[WhiteFideId "1400789"]
[BlackFideId "1439073"]

1.e4 c5 2.Nc3 g6 3.Bc4 Nc6 4.d3 Bg7 5.Bd2 Nf6 6.Nf3 O-O 7.O-O a6 8.a4 d6 
9.h3 Bd7 10.Qe1 Ne8 11.Nd1 Nc7 12.Ba2 b5 13.a5 Ne6 14.Be3 Ned4 15.Nxd4 
Nxd4 16.Qd2 Qc8 17.f4 e6 18.c3 Nc6 19.Bb1 Qc7 20.e5 dxe5 21.Bxc5 Rfe8 22.
Bb6 Qb7 23.Qf2 f6 24.Qf3 exf4 25.Qxf4 e5 26.Qf3 Nd8 27.Qg3 Bc6 28.Ne3 Ne6 
29.Rf2 f5 30.Qh4 Qe7 31.Qxe7 Rxe7 32.Ba2 Kh8 33.Rd1 Bh6 34.Nd5 Bxd5 35.
Bxd5 Rc8 36.g3 Ng5 37.Kg2 Ne6 38.Re1 Nc5 39.Bxc5 Rxc5 40.Bb3 Rc8 41.g4 Rf8
42.Bd5 Rd8 43.c4 fxg4 44.hxg4 Bg7 45.Kf1 Rc7 46.Re4 h6 47.b3 g5 48.Rf5 Kh7
49.Re3 Rc5 50.Be4 Kh8 51.b4 Rc7 52.cxb5 axb5 53.a6 Rd4 54.Bb7 Rd8 55.Ref3 
Rc1+ 56.Ke2 Ra1 57.Rf7 Rd4 58.Re7 Rxb4 59.Bc8 Rb2+ 60.Ke3 Re1# 0-1

[Event "Xtracon Chess Open 2018"]
[Site "Elsinore"]
[Date "2018.07.25"]
[Round "6"]
[White "Andersen, Dag"]
[Black "Poulsen, Knud"]
[Result "1/2-1/2"]
[WhiteElo "1915"]
[BlackElo "1760"]
[EventDate "2018.07.21"]
[WhiteFideId "1504568"]
[BlackFideId "1422324"]

1.d4 d5 2.Nf3 Nf6 3.c4 e6 4.Nc3 c6 5.e3 Bb4 6.Bd2 Be7 7.Qc2 Nbd7 8.a3 b6 
9.Bd3 Bb7 10.O-O h6 11.Rfe1 Qc7 12.Rad1 dxc4 13.Bxc4 O-O-O 14.Be2 g5 15.g3
g4 16.Nh4 Ne8 17.Ng2 h5 18.e4 Nb8 19.Bf4 Bd6 20.e5 Be7 21.b4 a6 22.Ne4 c5 
23.b5 axb5 24.Bxb5 Nc6 25.d5 Nd4 26.Rxd4 cxd4 27.Qa4 Bxd5 28.Rc1 Bc5 29.
Nd6+ Rxd6 30.exd6 Nxd6 31.Be5 Rd8 32.Nf4 Bf3 33.Nd3 Kb8 34.Nb4 Bb7 35.Ba6 
d3 36.Nxd3 Bxa6 37.Qxa6 f6 38.Bf4 e5 39.Be3 Qb7 40.Nxc5 bxc5 41.Qd3 Nf7 
42.Qg6 Ka8 43.Qxf6 Rd6 44.Qf5 Qd7 45.Qe4+ Qc6 46.Qc4 Qd7 47.Qe4+ Qc6 48.
Qc2 c4 49.Qc3 Rd5 50.Qb4 Nd6 51.Rb1 Rb5 52.Qa4+ Kb8 53.Rc1 1/2-1/2

[Event "Xtracon Chess Open 2018"]
[Site "Elsinore"]
[Date "2018.07.25"]
[Round "6"]
[White "Damm-Frydenberg, Anders"]
[Black "Nielsen, Palle"]
[Result "1-0"]
[WhiteElo "1909"]
[BlackElo "1771"]
[EventDate "2018.07.21"]
[WhiteFideId "1462970"]
[BlackFideId "1408526"]

1.e4 e5 2.Nf3 Nc6 3.Bb5 d6 4.d4 Bd7 5.O-O exd4 6.Nxd4 Nge7 7.Nc3 a6 8.Nxc6
Nxc6 9.Bc4 Ne5 10.Bb3 Qh4 11.f3 O-O-O 12.Be3 Qh5 13.Nd5 f6 14.Qd4 Nc6 15.
Qc3 Qe5 16.Qxe5 fxe5 17.a3 h6 18.h4 Be7 19.Nxe7+ Nxe7 20.h5 Rdf8 21.c4 Be6
22.Ba2 Rf6 23.c5 d5 24.Rad1 d4 25.Bxe6+ Rxe6 26.Bf2 Rf8 27.Bg3 Nc6 28.Kf2 
Na5 29.Rc1 Nb3 30.Rc2 Kd7 31.Ke2 Kc6 32.Kd1 Kb5 33.Bh2 a5 34.Bg3 a4 35.Be1
Nxc5 36.Rxc5+ Kxc5 37.Bb4+ Kc4 38.Bxf8 Kb3 39.Rf2 Rc6 40.Bxg7 Rc4 41.Rd2 
c5 42.Bxh6 b5 43.Bf8 b4 44.h6 bxa3 45.bxa3 Kxa3 46.h7 1-0

[Event "Xtracon Chess Open 2018"]
[Site "Elsinore"]
[Date "2018.07.25"]
[Round "6"]
[White "Nielsen, Carsten Juul"]
[Black "Christensen, Benny"]
[Result "1/2-1/2"]
[WhiteElo "1909"]
[BlackElo "1754"]
[EventDate "2018.07.21"]
[WhiteFideId "1402242"]
[BlackFideId "1429949"]

1.d4 c5 2.d5 e6 3.c4 d6 4.Nc3 g6 5.Nf3 Bg7 6.Qc2 Nf6 7.Bg5 O-O 8.e3 exd5 
9.cxd5 a6 10.a4 Re8 11.Bd3 Bg4 12.Nd2 Qc7 13.O-O Bc8 14.Nc4 Nbd7 15.a5 b5 
16.axb6 Nxb6 17.Nxb6 Qxb6 18.Bf4 Bb7 19.e4 Nh5 20.Be3 Rac8 21.Rfb1 Bd4 22.
Na4 Qd8 23.Qe2 Rc7 24.Bxd4 cxd4 25.Qf1 Nf6 26.f3 Nh5 27.b3 Qg5 28.Kh1 Re5 
29.g3 Qd2 30.Qe2 Qh6 31.Kg1 Rg5 32.Qf2 Nf4 33.Qxd4 Nh3+ 34.Kf1 Rh5 35.Rb2 
Rc1+ 36.Rxc1 Qxc1+ 37.Kg2 Qg5 38.Rc2 Nf4+ 39.Kf1 Nxd3 40.Qxd3 Qd8 41.Qe3 
Bc8 42.Kg1 Re5 43.Nb6 Bh3 44.Nc4 Re8 45.Qf4 Qc7 46.Qxd6 Qa7+ 47.Qb6 Qe7 
48.Ra2 Rd8 49.Rxa6 Rxd5 50.Ra8+ Kg7 51.Ne3 Rd6 52.Qa5 Rd3 53.Qa1+ Kh6 54.
Qc1 Kg7 55.Qa1+ Kh6 56.Qc1 Kg7 1/2-1/2

[Event "Xtracon Chess Open 2018"]
[Site "Elsinore"]
[Date "2018.07.25"]
[Round "6"]
[White "Weber, Andreas"]
[Black "Meyer, Juergen"]
[Result "1-0"]
[WhiteElo "1693"]
[BlackElo "1908"]
[EventDate "2018.07.21"]
[WhiteFideId "24652504"]
[BlackFideId "24661759"]

1.Nf3 d5 2.g3 c5 3.d3 Nc6 4.Bg2 e5 5.Nbd2 Nf6 6.e4 dxe4 7.dxe4 h6 8.O-O 
Be6 9.Re1 Be7 10.c3 O-O 11.Qe2 Qc7 12.Nh4 Rfd8 13.Nf5 Bf8 14.Nf1 a6 15.h4 
b5 16.g4 Bc4 17.Qf3 Bd3 18.g5 hxg5 19.hxg5 Bxf1 20.gxf6 Bxg2 21.Kxg2 Qd7 
22.Rh1 Qd3 23.Be3 Rd4 24.Qh5 Qxe4+ 25.f3 1-0

[Event "Xtracon Chess Open 2018"]
[Site "Elsinore"]
[Date "2018.07.25"]
[Round "6"]
[White "Christensen, Tommy"]
[Black "Falkesgaard, Jeppe Hald"]
[Result "1-0"]
[WhiteElo "1904"]
[BlackElo "1731"]
[EventDate "2018.07.21"]
[WhiteFideId "1423266"]
[BlackFideId "1464981"]

1.e4 e6 2.d4 d5 3.e5 c5 4.c3 Nc6 5.Nf3 Qb6 6.Bd3 cxd4 7.cxd4 Bd7 8.O-O 
Nxd4 9.Nxd4 Qxd4 10.Nc3 a6 11.Qe2 Ne7 12.Kh1 Nc6 13.f4 Qb6 14.a3 Be7 15.f5
O-O 16.f6 Bc5 17.Bxh7+ Kxh7 18.Qh5+ Kg8 19.Qg5 1-0

[Event "Xtracon Chess Open 2018"]
[Site "Elsinore"]
[Date "2018.07.25"]
[Round "6"]
[White "Skjoldager, Flemming"]
[Black "Leonhardsen, Vebjorn Maanum"]
[Result "1/2-1/2"]
[WhiteElo "1902"]
[BlackElo "1726"]
[EventDate "2018.07.21"]
[WhiteFideId "1406515"]
[BlackFideId "1539515"]

1.b3 d5 2.Bb2 Nf6 3.Nf3 Bf5 4.e3 e6 5.c4 Be7 6.d3 O-O 7.Be2 c6 8.Nh4 Nbd7 
9.Nxf5 exf5 10.cxd5 Nxd5 11.O-O Bf6 12.d4 g6 13.Nd2 Qe7 14.Rc1 N7b6 15.Nc4
Nxc4 16.bxc4 Nb6 17.Bf3 Rfd8 18.Qb3 Qd7 19.Rfd1 Bg7 20.g3 h5 21.a4 Nc8 22.
Ba3 Bf8 23.Bxf8 Kxf8 24.a5 a6 25.Qb4+ Qe7 26.Qc3 Kg8 27.d5 cxd5 28.Bxd5 
Nd6 29.Rb1 Ne4 30.Qd4 Rab8 31.Rb6 Rd6 32.Rdb1 Rxb6 33.Rxb6 Kh7 34.Kg2 Nc5 
35.Bxf7 Qxf7 36.Qxc5 Rd8 37.Qe5 Rd7 38.Re6 Rc7 39.Re8 Qg7 40.Qe6 Rc6 41.
Qd5 Rc7 42.Qd8 Rf7 43.h4 Qc3 44.Kf3 Qxc4 45.Qd4 Qxd4 46.exd4 Rd7 47.Ke3 
Kg7 48.Kd3 Rd5 49.Re5 Rd7 50.Kc4 Kf6 51.f4 Rc7+ 52.Kb4 Rc1 53.Rc5 Rb1+ 54.
Kc4 Ke6 55.Re5+ 1/2-1/2

[Event "Xtracon Chess Open 2018"]
[Site "Elsinore"]
[Date "2018.07.25"]
[Round "6"]
[White "O`Gorman, Alice"]
[Black "Gottschalck, Christian"]
[Result "1-0"]
[WhiteElo "1898"]
[BlackElo "1721"]
[EventDate "2018.07.21"]
[WhiteFideId "2508214"]
[BlackFideId "1428357"]

1.e4 d5 2.exd5 Qxd5 3.Nc3 Qa5 4.d4 c6 5.Nf3 Bg4 6.Be2 Nf6 7.O-O e6 8.Re1 
Nbd7 9.Ng5 Bxe2 10.Qxe2 Be7 11.Nxf7 O-O 12.Ng5 Qf5 13.Qxe6+ Qxe6 14.Nxe6 
Rf7 15.Ng5 1-0

[Event "Xtracon Chess Open 2018"]
[Site "Elsinore"]
[Date "2018.07.25"]
[Round "6"]
[White "Kittilsen, Sigurd"]
[Black "Henriksen, Morgan"]
[Result "1-0"]
[WhiteElo "1893"]
[BlackElo "1706"]
[EventDate "2018.07.21"]
[WhiteFideId "1515624"]
[BlackFideId "1510495"]

1.e4 c5 2.Nf3 d6 3.d4 cxd4 4.Nxd4 Nf6 5.Nc3 a6 6.Be3 Ng4 7.Bg5 Qa5 8.f4 
Nc6 9.h3 Ne3 10.Nxc6 bxc6 11.Qd2 Nxf1 12.Rxf1 Rb8 13.b3 f6 14.Bh4 e5 15.
Rd1 Be6 16.Rf3 Be7 17.f5 Bf7 18.Kf1 O-O 19.Nd5 Qd8 20.Nxe7+ Qxe7 21.Qxd6 
Qb7 22.Bxf6 gxf6 23.Rg3+ Bg6 24.fxg6 hxg6 25.Qe6+ Qf7 26.Rxg6+ Kh8 27.Qxf7
Rxf7 28.Rd6 f5 29.Rh6+ Kg8 30.Rdg6+ Rg7 31.exf5 Rd8 32.Rxg7+ Kxg7 33.Rxc6 
Rd2 34.Rxa6 Rxc2 35.a4 Rc1+ 36.Ke2 Rc2+ 37.Kf3 Rc3+ 38.Ke4 Rxb3 39.Kxe5 
1-0

[Event "Xtracon Chess Open 2018"]
[Site "Elsinore"]
[Date "2018.07.25"]
[Round "6"]
[White "Moller, Arne Vang"]
[Black "Kristensen, Thomas Overgaard"]
[Result "1-0"]
[WhiteElo "1890"]
[BlackElo "1696"]
[EventDate "2018.07.21"]
[WhiteFideId "1406175"]
[BlackFideId "1419803"]

1.e4 c6 2.d4 d5 3.Nc3 dxe4 4.Nxe4 Nf6 5.Nxf6+ gxf6 6.Nf3 Bf5 7.Bd3 Bg6 8.
Be3 e6 9.Qd2 Bd6 10.O-O-O Qc7 11.Kb1 Nd7 12.h3 Bxd3 13.Qxd3 h5 14.h4 O-O-O
15.c4 Nb6 16.Rc1 c5 17.Rhd1 Na4 18.Qb3 Qa5 19.Qc2 cxd4 20.Nxd4 Nc5 21.Nb5 
Be7 22.Bf4 e5 23.Qf5+ Rd7 24.Be3 Ne6 25.Nxa7+ Kc7 26.Nb5+ Kc8 27.Rxd7 Kxd7
28.Rd1+ Kc8 29.g3 Qb4 30.b3 Kb8 31.Qc2 Nc5 32.Bd2 1-0

[Event "Xtracon Chess Open 2018"]
[Site "Elsinore"]
[Date "2018.07.25"]
[Round "6"]
[White "Larsen, Mette Dalsgaard"]
[Black "Brink, Nienke van den"]
[Result "1/2-1/2"]
[WhiteElo "1682"]
[BlackElo "1889"]
[EventDate "2018.07.21"]
[WhiteFideId "1430718"]
[BlackFideId "1452568"]

1.d4 f5 2.c4 Nf6 3.Nf3 d6 4.e3 g6 5.Be2 Bg7 6.O-O O-O 7.Qc2 c6 8.Rd1 Qc7 
9.Nc3 e5 10.e4 f4 11.c5 dxc5 12.dxe5 Ng4 13.Bc4+ Kh8 14.e6 b5 15.Bxb5 Bxe6
16.Be2 Nd7 17.h3 Nge5 18.Ng5 Bg8 19.Na4 h6 20.Nf3 Nxf3+ 21.Bxf3 Bd4 22.Bd2
Rad8 23.Bc3 Ne5 24.b3 Be6 25.Rac1 Bxh3 26.Nxc5 Nxf3+ 27.gxf3 Bxc3 28.Qxc3+
Kh7 29.Kh2 Bc8 30.Kg2 Qe7 31.Kf1 Rxd1+ 32.Rxd1 Rd8 33.Rd4 Qg7 34.e5 Re8 
35.Nd3 Ba6 36.Qxc6 Bxd3+ 37.Rxd3 Qxe5 38.Qd7+ Re7 39.Qd8 Qc7 40.Qxc7 Rxc7 
41.a4 Rb7 42.b4 Kg7 43.b5 Kf6 44.Rd6+ Kf5 45.Rc6 h5 46.Rc5+ Ke6 47.Rc6+ 
Kf7 48.a5 Rxb5 49.Rc7+ Ke8 50.Rxa7 Kd8 51.a6 Ra5 52.Kg2 g5 53.Ra8+ Kc7 54.
Rg8 Kb6 55.Rg6+ Ka7 56.Kh3 Ra2 1/2-1/2

[Event "Xtracon Chess Open 2018"]
[Site "Elsinore"]
[Date "2018.07.25"]
[Round "6"]
[White "Madsen, Dennis"]
[Black "Undheim, Bjarne"]
[Result "0-1"]
[WhiteElo "1578"]
[BlackElo "1878"]
[EventDate "2018.07.21"]
[WhiteFideId "1425919"]
[BlackFideId "1506862"]

1.d4 d5 2.e4 dxe4 3.Nc3 Nf6 4.f3 exf3 5.Qxf3 Nc6 6.Be3 e6 7.Bb5 Bd7 8.Nge2
Bd6 9.O-O Nb4 10.Bxd7+ Qxd7 11.Bg5 O-O-O 12.a3 Nbd5 13.Nxd5 exd5 14.h3 Be7
15.Ng3 h6 16.Bxf6 Bxf6 17.c3 Rde8 18.b4 Re6 19.a4 Rhe8 20.Qf5 Re3 21.Qxd7+
Kxd7 22.Nh5 R8e6 23.Nxf6+ Rxf6 24.Rxf6 gxf6 25.Rc1 Re2 26.Kf1 Ra2 27.a5 f5
28.Re1 f6 29.Re2 Rxe2 30.Kxe2 Kc6 31.g3 Kb5 32.Kd3 b6 33.axb6 cxb6 34.Kc2 
Kc4 35.Kb2 a5 36.bxa5 bxa5 0-1

[Event "Xtracon Chess Open 2018"]
[Site "Elsinore"]
[Date "2018.07.25"]
[Round "6"]
[White "Oland, Arne"]
[Black "Harders, Poul Erik"]
[Result "1-0"]
[WhiteElo "1875"]
[BlackElo "1693"]
[EventDate "2018.07.21"]
[WhiteFideId "1422081"]
[BlackFideId "1416251"]

1.d4 Nf6 2.Nf3 g6 3.c4 Bg7 4.Nc3 O-O 5.e4 d6 6.h3 Nbd7 7.Be3 e5 8.d5 Ne8 
9.g4 b6 10.Qc2 a5 11.Be2 Nc5 12.O-O-O Na6 13.Rdg1 Bd7 14.Qd2 Nc5 15.Bg5 f6
16.Bh6 a4 17.h4 c6 18.Bxg7 Kxg7 19.Qe3 cxd5 20.Nxd5 Rc8 21.Kb1 Ne6 22.Nxb6
Rb8 23.Nxd7 Qxd7 24.g5 Qb7 25.Qc3 Nf4 26.Qc2 Rf7 27.Ka1 Nxe2 28.Qxe2 Rc7 
29.Rc1 Qb6 30.gxf6+ Nxf6 31.Ng5 Kg8 32.Rhd1 Rcb7 33.Rc2 h6 34.Nh3 Kg7 35.
Qd3 Rd8 36.f3 Nh5 37.Rg2 Kh7 38.Rgd2 Kg7 39.Qa3 Qb4 40.Qxb4 Rxb4 41.Rc2 
Rbb8 42.Rc3 Kf7 43.b3 axb3 44.axb3 Ke7 45.Kb2 Rdc8 46.Ra1 Rc7 47.Ra3 Ng3 
48.Rc2 Rf8 49.b4 Nf1 50.Rc1 Nd2 51.c5 dxc5 52.bxc5 Rxf3 53.Rxf3 Nxf3 54.
Kb3 Nd4+ 55.Kc4 Ke6 56.Rb1 Nc6 57.Rb6 Kf7 58.Nf2 Na5+ 59.Kb5 Nb3 60.c6 
Nd4+ 61.Kc5 Ke6 62.Nd3 g5 63.hxg5 hxg5 64.Nf2 Nb3+ 65.Rxb3 Rf7 66.Rb2 Rf8 
67.c7 Kd7 68.Rb8 Rc8 69.Rxc8 Kxc8 70.Kd6 g4 71.Nxg4 1-0

[Event "Xtracon Chess Open 2018"]
[Site "Elsinore"]
[Date "2018.07.25"]
[Round "6"]
[White "Narheim, Mats"]
[Black "Rasmussen, Henrik Egede"]
[Result "1/2-1/2"]
[WhiteElo "1544"]
[BlackElo "1871"]
[EventDate "2018.07.21"]
[WhiteFideId "1518607"]
[BlackFideId "1417800"]

1.e4 a6 2.Nf3 d6 3.d4 b5 4.Bf4 Bb7 5.Bd3 Nd7 6.O-O g6 7.Qd2 Bg7 8.Nc3 c5 
9.d5 c4 10.Be2 Nc5 11.Be3 b4 12.Nd1 c3 13.bxc3 Nxe4 14.Qd3 Nxc3 15.Bd4 
Nxe2+ 16.Qxe2 Bxd4 17.Nxd4 Bxd5 18.Ne3 Nf6 19.Nxd5 Nxd5 20.Qc4 Nb6 21.Qxb4
O-O 22.Rfe1 e5 23.Nf3 a5 24.Qb5 Qc7 25.Rad1 Nc4 26.Nd2 Nxd2 27.Rxd2 Qc3 
28.Red1 Rab8 29.Qd3 Qxd3 30.Rxd3 Rfd8 31.Kf1 Rb6 32.Rd5 Rc8 33.Rxd6 Rxd6 
34.Rxd6 Rxc2 35.a3 Rc5 36.Ke2 Kf8 37.Ra6 Kg7 38.Kd3 f5 39.f3 Kh6 40.Ra8 
e4+ 41.fxe4 fxe4+ 42.Kxe4 1/2-1/2

[Event "Xtracon Chess Open 2018"]
[Site "Elsinore"]
[Date "2018.07.25"]
[Round "6"]
[White "Sandberg, Martin"]
[Black "Overmark, Ole"]
[Result "0-1"]
[WhiteElo "1865"]
[BlackElo "1688"]
[EventDate "2018.07.21"]
[WhiteFideId "1707159"]
[BlackFideId "1410776"]

1.d4 Nf6 2.Bf4 e6 3.Nf3 c5 4.e3 cxd4 5.exd4 d5 6.Bd3 Bd6 7.Bg5 h6 8.Bh4 
O-O 9.c3 Nbd7 10.Nbd2 Qb6 11.Qc2 Re8 12.O-O-O Qc6 13.g4 Bf4 14.g5 hxg5 15.
Nxg5 e5 16.Bh7+ Kf8 17.Nxf7 Nxh7 18.Qxh7 Kxf7 19.Qh5+ Qg6 20.Qf3 Kg8 21.
Rhg1 Bxd2+ 22.Kxd2 Qh6+ 23.Bg5 Qe6 24.Qh5 Nf8 25.Bh6 Re7 26.Bxg7 Rxg7 27.
Rde1 e4 28.Rg5 Rxg5 29.Qxg5+ Qg6 30.Qxd5+ Be6 31.Qxb7 Qg5+ 32.Kc2 Re8 33.
Re3 Qf6 34.Rg3+ Ng6 35.d5 Qxf2+ 36.Kb3 Bf7 37.Ka3 Qc5+ 38.b4 Qb6 39.Qd7 e3
40.Rf3 Re7 41.Qc8+ Kg7 42.c4 Rc7 43.Qg4 Qa6+ 44.Kb3 Re7 45.Qd4+ Kg8 46.
Rxe3 Rxe3+ 47.Qxe3 Qb7 48.Qd4 a6 49.d6 Qd7 50.h4 Nf8 51.a4 Qh3+ 52.Kb2 
Qg2+ 53.Kb3 Qf3+ 54.Qc3 Qd1+ 55.Kb2 Qxd6 56.Qe1 Qh2+ 57.Kc3 Qh3+ 58.Kb2 
Qg4 59.Qc3 Bxc4 60.Qe3 Ne6 61.Qb6 Qe2+ 62.Kc1 Qe1+ 63.Kc2 Qe4+ 64.Kc1 Qxh4
65.Qb8+ Kg7 66.Qb7+ Kf6 67.Qf3+ Ke5 68.Qe3+ Qe4 69.Qxe4+ Kxe4 70.Kb2 Kd3 
71.Ka3 Nd4 72.Kb2 Nc2 73.b5 a5 74.b6 Bd5 75.Kc1 Kc3 76.Kd1 Ne3+ 77.Kc1 Nc4
78.Kb1 Nxb6 79.Ka1 Nxa4 80.Kb1 Nc5 81.Ka1 Bb3 82.Kb1 Nd3 83.Ka1 Nb4 84.Kb1
Nc2 0-1

[Event "Xtracon Chess Open 2018"]
[Site "Elsinore"]
[Date "2018.07.25"]
[Round "6"]
[White "Tenold, Andreas"]
[Black "Tulliez, Andre"]
[Result "1/2-1/2"]
[WhiteElo "1865"]
[BlackElo "1678"]
[EventDate "2018.07.21"]
[WhiteFideId "1525840"]
[BlackFideId "45107181"]

1.e4 c5 2.Nf3 d6 3.Bb5+ Bd7 4.Bxd7+ Qxd7 5.O-O Nf6 6.Re1 Nc6 7.d4 cxd4 8.
Nxd4 Nxd4 9.Qxd4 g6 10.c4 Bg7 11.Nc3 O-O 12.Qd3 Rfc8 13.f3 Qc7 14.b3 a6 
15.Bb2 Qa5 16.Rac1 Rc7 17.Na4 Nd7 18.Bxg7 Kxg7 19.Qd4+ Qe5 20.Qxe5+ Nxe5 
21.Red1 Nd7 22.Nc3 Nf6 23.f4 Rd7 24.Nd5 Nxd5 25.Rxd5 Rc7 26.a4 Rb8 27.Rcd1
Rbc8 28.Kf2 Rc5 29.Ke3 Rxd5 30.Rxd5 Kf6 31.Kd4 Ke6 32.g4 b6 33.b4 Kd7 34.
e5 Rc6 35.b5 axb5 36.axb5 Rc8 37.exd6 exd6 38.Kc3 Re8 39.Rd3 f6 40.h4 Re4 
41.Rf3 Kc7 42.Kd3 Re7 43.Re3 Rxe3+ 44.Kxe3 Kd7 45.Ke4 Ke6 46.f5+ gxf5+ 47.
gxf5+ Ke7 48.h5 h6 49.Kd4 Kd8 50.Kd5 Kd7 51.Ke4 Ke7 52.Kd4 Kd8 53.Kd5 Kd7 
54.Ke4 Ke7 55.Kd4 1/2-1/2

[Event "Xtracon Chess Open 2018"]
[Site "Elsinore"]
[Date "2018.07.25"]
[Round "6"]
[White "Lunde, Sigmund"]
[Black "Langvik, Ulrikke"]
[Result "1-0"]
[WhiteElo "1863"]
[BlackElo "1640"]
[EventDate "2018.07.21"]
[WhiteFideId "1511351"]
[BlackFideId "1517910"]

1.d4 e6 2.Nf3 f5 3.Nc3 Nf6 4.a3 b6 5.d5 Bd6 6.e4 fxe4 7.Ng5 e5 8.Bc4 Ba6 
9.Qe2 Bxc4 10.Qxc4 O-O 11.O-O a5 12.Ngxe4 h6 13.Nxd6 cxd6 14.Nb5 Qe7 15.
Be3 Na6 16.Bxb6 Rfc8 17.Qe2 Nxd5 18.Bxa5 Nf4 19.Qf3 Rab8 20.a4 Rxc2 21.
Qb3+ d5 22.Qxc2 Qg5 23.f3 1-0

[Event "Xtracon Chess Open 2018"]
[Site "Elsinore"]
[Date "2018.07.25"]
[Round "6"]
[White "Berg, Margar M."]
[Black "Finnsson, Eli W."]
[Result "1/2-1/2"]
[WhiteElo "1859"]
[BlackElo "1606"]
[EventDate "2018.07.21"]
[WhiteFideId "7200021"]
[BlackFideId "7201451"]

1.d4 d5 2.Bg5 Nf6 3.Nf3 Bg4 4.e3 Nbd7 5.c4 c6 6.Nc3 e6 7.Be2 Be7 8.O-O O-O
9.a3 dxc4 10.Bxc4 Nb6 11.Bd3 Rc8 12.b4 Nbd5 13.Bxf6 Bxf6 14.Ne4 Be7 15.Qc2
Bxf3 16.gxf3 f5 17.Nc5 Bxc5 18.bxc5 Qh4 19.Kh1 Rf6 20.Rg1 Rg6 21.Rxg6 hxg6
22.Rg1 Kf7 23.Rg2 Rh8 24.Qb1 Qe7 25.Qc1 Qc7 26.Bc4 Rh3 27.Bxd5 exd5 28.Qd1
Qa5 29.Qg1 Rh6 30.Qc1 Qa6 1/2-1/2

[Event "Xtracon Chess Open 2018"]
[Site "Elsinore"]
[Date "2018.07.25"]
[Round "6"]
[White "Ji, Jiahao Eric"]
[Black "Pedersen, Lars Wisler"]
[Result "0-1"]
[WhiteElo "1463"]
[BlackElo "1856"]
[EventDate "2018.07.21"]
[WhiteFideId "1533371"]
[BlackFideId "1417045"]

1.e4 c5 2.Nf3 Nc6 3.d4 cxd4 4.Nxd4 e5 5.Nb5 a6 6.N5c3 Nf6 7.Bg5 Be7 8.Nd2 
d6 9.Nb3 Be6 10.Qd2 a5 11.Bb5 O-O 12.O-O Nh5 13.Bxe7 Qxe7 14.Rad1 Rad8 15.
Bxc6 bxc6 16.Nxa5 Qc7 17.Nb3 Nf4 18.Ne2 g5 19.Nxf4 gxf4 20.Kh1 Kh8 21.Rg1 
Rg8 22.f3 Rg6 23.Qc3 Rdg8 24.Nc1 f6 25.Nd3 Qg7 26.Ne1 Rh6 27.Rd2 Rxh2+ 0-1

[Event "Xtracon Chess Open 2018"]
[Site "Elsinore"]
[Date "2018.07.25"]
[Round "6"]
[White "Strachan, Christian C."]
[Black "Keymer, Cecilia"]
[Result "1/2-1/2"]
[WhiteElo "1927"]
[BlackElo "1380"]
[EventDate "2018.07.21"]
[WhiteFideId "1417215"]
[BlackFideId "16233468"]

1.e4 e5 2.Nf3 Nc6 3.Bc4 Bc5 4.O-O Nf6 5.d3 d6 6.a4 a6 7.c3 Ba7 8.Na3 h6 9.
Nc2 O-O 10.Be3 Ne7 11.Bxa7 Rxa7 12.Re1 Ng6 13.b4 Re8 14.Ne3 Bd7 15.Bb3 Qa8
16.a5 Nf4 17.Nh4 Be6 18.Bxe6 Rxe6 19.g3 Nh3+ 20.Kg2 Ng5 21.Nhf5 Qb8 22.h4 
Ngh7 23.Nd5 Qd8 24.f3 Nxd5 25.exd5 Re8 26.Ra2 Qd7 27.g4 Qb5 28.Qa4 Qxa4 
29.Rxa4 Nf6 30.c4 Raa8 31.Ra2 Kh7 32.Ng3 Nd7 33.Rae2 f6 34.Ne4 Nf8 35.h5 
Kg8 36.f4 Nh7 37.fxe5 fxe5 38.Kg3 Rf8 39.c5 Rad8 40.Rc1 Nf6 41.Nxf6+ Rxf6 
42.c6 Rb8 43.Re4 Rf7 44.d4 bxc6 45.dxe5 cxd5 46.Rd4 dxe5 1/2-1/2

[Event "Xtracon Chess Open 2018"]
[Site "Elsinore"]
[Date "2018.07.25"]
[Round "6"]
[White "Jensen, Jonbert M. S."]
[Black "Naesborg, Jens-Ole"]
[Result "1-0"]
[WhiteElo "1481"]
[BlackElo "1866"]
[EventDate "2018.07.21"]
[WhiteFideId "1435914"]
[BlackFideId "1443577"]

1.e4 Nc6 2.d4 e5 3.c3 d6 4.Nf3 Bg4 5.Be3 Nf6 6.Nbd2 exd4 7.cxd4 a6 8.Be2 
Be7 9.d5 Ne5 10.Nxe5 Bxe2 11.Nxf7 Bxd1 12.Nxd8 Bg4 13.Nxb7 Rb8 14.f3 Rxb7 
15.fxg4 Nxg4 16.Bd4 O-O 17.Rf1 Nxh2 18.Rxf8+ Kxf8 19.Rc1 Ng4 20.Rc6 Ne5 
21.Bxe5 dxe5 22.Nc4 a5 23.Ke2 1-0

[Event "Xtracon Chess Open 2018"]
[Site "Elsinore"]
[Date "2018.07.25"]
[Round "6"]
[White "Jensen, Hans Askov"]
[Black "Mielow, Bjarne"]
[Result "0-1"]
[WhiteElo "1473"]
[BlackElo "1730"]
[EventDate "2018.07.21"]
[WhiteFideId "1419889"]
[BlackFideId "1415484"]

1.e4 g6 2.d4 Bg7 3.Nf3 c5 4.c3 cxd4 5.cxd4 Nf6 6.Nc3 O-O 7.Bc4 d6 8.h3 a6 
9.O-O b5 10.Bb3 Bb7 11.Re1 e6 12.Bg5 Qa5 13.a3 b4 14.axb4 Qxb4 15.d5 exd5 
16.exd5 Nbd7 17.Be3 Nc5 18.Ra3 Rfe8 19.Na4 Qb5 20.Nd4 Qb4 21.Nc3 Nfe4 22.
Nxe4 Rxe4 23.Ne2 Qb5 24.Nd4 Rxd4 25.Bxd4 Bxd4 26.Qxd4 Nxb3 27.Qc3 Nc5 28.
Ra5 Qb6 29.b4 Nd7 30.b5 Nc5 31.bxa6 Nxa6 32.Ra3 Rc8 33.Qf6 Bxd5 34.Rae3 
Qb8 35.Rd3 Be6 36.Rxe6 fxe6 37.Qxe6+ Kg7 38.Rxd6 Nc5 39.Qe7+ Kg8 40.Qe5 
Qb1+ 41.Kh2 Qf5 42.Qxf5 gxf5 43.Rd5 f4 44.Rg5+ Kh8 45.Rf5 Ne6 46.Rf6 Re8 
47.g3 Kg7 48.Rf5 Kg6 49.g4 Rf8 50.Rxf8 Nxf8 51.h4 h6 52.Kg2 h5 53.Kf3 Ne6 
54.g5 Kf5 55.Ke2 Nd4+ 56.Kd3 Nf3 57.g6 Ne5+ 58.Ke2 Nxg6 59.f3 Nxh4 0-1

[Event "Xtracon Chess Open 2018"]
[Site "Elsinore"]
[Date "2018.07.25"]
[Round "6"]
[White "Sorokin, Artem"]
[Black "Frisk, Hans"]
[Result "1/2-1/2"]
[WhiteElo "1660"]
[BlackElo "2004"]
[EventDate "2018.07.21"]
[WhiteFideId "44133561"]
[BlackFideId "1708570"]

1.e4 e5 2.Nf3 Nc6 3.d4 exd4 4.Nxd4 Nf6 5.Nxc6 bxc6 6.Bd3 d5 7.e5 Ng4 8.O-O
Be7 9.Qe2 h5 10.h3 Bc5 11.hxg4 hxg4 12.g3 Rh5 13.Re1 Be6 14.Be3 Kd7 15.
Bxc5 Qh8 16.Be4 dxe4 17.Qxe4 Bd5 18.Qxg4+ Ke8 19.Kf1 Rh1+ 20.Ke2 Rxe1+ 21.
Kxe1 Qh1+ 22.Ke2 Rd8 23.Qh4 Qf3+ 24.Ke1 g5 25.Nd2 gxh4 26.Nxf3 Bxf3 27.
gxh4 Rd5 28.Bxa7 c5 29.a4 Rxe5+ 30.Kd2 Kd7 31.Kc3 Kc6 32.b4 cxb4+ 33.Kxb4 
Re4+ 34.Kc3 Rxh4 35.Be3 Be2 36.Rc1 Ba6 37.Ra1 Rc4+ 38.Kb3 f5 39.Rh1 f4 40.
Rh6+ Kd5 41.Rxa6 fxe3 42.fxe3 Re4 43.a5 Kc5 44.Rh6 Rxe3+ 45.c3 Re1 46.Rh5+
Kc6 47.Rh6+ Kc5 48.Rh5+ Kc6 49.Kb4 Ra1 50.Rh6+ Kb7 51.c4 Ra2 52.Kb5 c6+ 
53.Kb4 Rb2+ 54.Kc5 Ra2 55.Rh7+ Ka6 56.Kxc6 Rxa5 57.Rh8 Ka7 58.c5 Ra1 59.
Kc7 Rg1 60.Rh7 Rg8 61.Rd7 Rh8 62.c6 Rg8 63.Rd8 Rg7+ 64.Rd7 Rg8 65.Rh7 Rf8 
66.Kd7 Rg8 67.Re7 Kb6 68.Rh7 Rf8 1/2-1/2